Normal view
MARC view
Entry Topical Term
001 - CONTROL NUMBER
- control field: 2490
003 - CONTROL NUMBER IDENTIFIER
- control field: ARRUPE
005 - DATE AND TIME OF LATEST TRANSACTION
- control field: 20131011142828.0
008 - FIXED-LENGTH DATA ELEMENTS
- fixed length control field: 131011|| aca||aabn | a|a d
040 ## - CATALOGING SOURCE
- Original cataloging agency: ARRUPE
- Transcribing agency: ARRUPE
150 ## - HEADING--TOPICAL TERM
- Topical term or geographic name as entry element: Social history
- Chronological subdivision: 1970
670 ## - SOURCE DATA FOUND
- Source citation: Work cat.: (ARRUPE)0: Berggruen, Nicolas, 1961- 2489, Intelligent governance for the 21st century :, 2013.